00718nam a2200181 a 4500003000200000005001700002008004100019050003500060100003400095245013300129260009200262300003900354504004100393650001600434650002700450650002300477650003600500020250326130413.0050809s19uu xx 00 eng d aPGS LB 1027.5.T87 b.Id21 2005 aIdquival, Patrick Nicholas G. aThe effectiveness of SISC tutorial program on the academic performance of Lower School students /cPatrick Nicholas G. Idquival. aLas Piñas City, Philippines : bSouthville International School and Colleges,c2005. a36 pages :billustration ;c28 cm. aIncludes bibliographical references. aTutoring.  aAcademic achievement.  aRemedial teaching. aEducation, PrimaryvEvaluation.